FIFA 16 - Top 45 BPL Players - Statistics

General Stats
  • This quiz has been taken 2,925 times
    2,877 since last reset
  • The average score is 22 of 45
Answer Stats
Overall Answer % Correct
89 Eden Hazard
91%
87 Sergio Aguero
90%
86 Wayne Rooney
84%
86 David de Gea
82%
88 David Silva
82%
86 Alexis Sanchez
75%
87 Mesut Ozil
75%
85 Vincent Kompany
74%
86 Diego Costa
69%
85 Petr Cech
69%
86 Thibaut Courtois
69%
85 John Terry
66%
85 Yaya Toure
65%
86 Kevin de Bruyne
64%
87 Cesc Fabregas
59%
84 Hugo Lloris
57%
83 Joe Hart
57%
83 Gary Cahill
54%
82 Willian
52%
84 Philippe Coutinho
50%
82 Raheem Sterling
50%
83 Daniel Sturridge
48%
84 Juan Mata
47%
85 Santi Cazorla
45%
83 Laurent Koscielny
44%
84 Nemanja Matic
43%
82 Olivier Giroud
43%
83 Christian Eriksen
42%
84 Nicolas Otamendi
40%
84 Oscar
40%
86 Bastian Schweinsteiger
37%
82 Aaron Ramsey
36%
83 Per Mertesacker
36%
82 Cesar Azpilicueta
34%
82 Roberto Firmino
33%
82 Christian Benteke
32%
82 Jan Vertonghen
32%
83 Radamel Falcao
32%
82 Pablo Zabaleta
31%
83 Pedro
27%
83 Samir Nasri
24%
83 Leighton Baines
23%
82 Asmir Begovic
16%
82 Morgan Schneiderlin
16%
82 Victor Valdes
9%
No matching quizzes found
Score Distribution
Percent of People with Each Score
Percentile by Number Answered
Your Score History
You have not taken this quiz since the last reset